Welcome to the Holygrace Academy Library

Please use search bar below to get started

SCHOOL STUDENT'S ENCYCLOPEDIA (Record no. 1886)

MARC details
000 -LEADER
fixed length control field 00297nam a22001217a 4500
082 ## - DEWEY DECIMAL CLASSIFICATION NUMBER
Classification number 030
Item number VID/E
100 ## - MAIN ENTRY--AUTHOR NAME
Personal name VIDYODHAYA
245 ## - TITLE STATEMENT
Title SCHOOL STUDENT'S ENCYCLOPEDIA
Remainder of title NEW SERIES
260 ## - PUBLICATION, DISTRIBUTION, ETC. (IMPRINT)
Place of publication TRIVANDRUM
Name of publisher VIDYODHAYA PUBLICATIONS
300 ## - PHYSICAL DESCRIPTION
Number of Pages 176
650 ## - SUBJECT ADDED ENTRY--TOPICAL TERM
Topical Term GENERAL KNOWLEDGE
Geographic subdivision INDIA
942 ## - ADDED ENTRY ELEMENTS (KOHA)
Koha item type Books
Holdings
Withdrawn status Lost status Collection code Home library Current library Shelving location Date acquired Source of acquisition Cost, normal purchase price Full call number Accession Number Koha item type
    Reference Main Library Main Library SHELF 1-C ENCYCLOPEDIAS ,G K REFERENCE 06/05/2015 purchase 460.00 030 VID/E 07393 Books
    Reference Main Library Main Library SHELF 1 H -DICTIONARY, ENCYCLOPEDIA 24/04/2015 purchase 460.00 030 VID/E 07392 Books